|
|
|
|
| LEADER |
01508nam a2200301 a 4500 |
| 001 |
GR-MES14364 |
| 008 |
080502s2006 gr 000 0 gre d |
| 020 |
|
|
|a 960374297X
|
| 040 |
|
|
|a GrPaTEI
|b gre
|c GR-PaULI
|
| 040 |
|
|
|a GrPaTEI
|b gre
|c GR-PaULI
|
| 041 |
1 |
|
|a gre
|h eng
|
| 082 |
|
0 |
|a 332.106 88
|2 21
|
| 100 |
1 |
|
|a Pezzullo, Mary Ann
|
| 245 |
1 |
0 |
|a Μάρκετινγκ χρηματοοικονομικών υπηρεσιών /
|c Mary Ann Pezzullo ; [μετάφραση Ειρήνη Γ. Ψωμιάδου, επιμέλεια Αναστάσιος Αναγνωστόπουλος].
|
| 250 |
|
|
|a 2η έκδ.
|
| 260 |
|
|
|a Θεσσαλονίκη :
|b Ανικούλα:
|c 2006
|
| 300 |
|
|
|a xvi, 509σ. :
|b εικ., διαγρ. ;
|c 28εκ.
|
| 500 |
|
|
|a Όνομα εκδότη πρωτοτύπου: American Bankers Association
|
| 500 |
|
|
|a Τίτλος πρωτοτύπου: Marketing financial services.
|
| 500 |
|
|
|a Χρονολογία δημοσίευσης πρωτοτύπου: 1998
|
| 650 |
|
4 |
|a ΤΡΑΠΕΖΙΚΟ ΜΑΡΚΕΤΙΝΓΚ
|
| 650 |
|
4 |
|a ΧΡΗΜΑΤΟΟΙΚΟΝΟΜΙΚΑ
|
| 700 |
1 |
|
|a Αναγνωστόπουλος, Αναστάσιος
|
| 700 |
1 |
|
|a Ψωμιάδου, Ειρήνη Γ.
|
| 942 |
|
|
|2 ddc
|
| 952 |
|
|
|0 0
|1 0
|2 ddc
|4 0
|6 332_106000000000000_88_PEZ
|7 0
|9 272451
|a MSLG
|b MSLG
|c BSC
|d 2021-01-17
|e 24
|f 0
|g 0.00
|l 0
|o 332.106 88 PEZ
|p 2420000023021
|r 2021-01-17 00:00:00
|t 1
|w 2021-01-17
|y BK15
|x 20080502 0 ΓΑΒΡΙΝΑ 1
|x GrPaTEI
|
| 971 |
|
|
|a .b25804133
|b 16-04-20
|c 13-09-16
|
| 999 |
|
|
|c 157560
|d 157560
|